Trova l'intruso - Statistics

Statistiche generali
  • Questo quiz è stato fatto 909 volte
  • Il punteggio medio è 7 su 8
Statistiche sulle risposte
Domanda Risposta % Corretto
Quale provincia NON è bagnata dal mare? Firenze
95%
Con quale paese NON confina l'Italia? Croazia
94%
Quale provincia NON si trova in una regione del nord? Lecce
93%
Quale regione NON è a statuto speciale? Lombardia
93%
Indica le quattro province che si trovano in quattro regioni diverse. Lucca-Mantova-Caltanissetta-Bari
90%
Quale tra le coppie di province proposte NON si trova nella stessa regione? Bologna-Mantova
88%
Quale regione NON ha una squadra di calcio militante in Serie A? Basillicata
87%
Quale provincia NON si trova in una regione confinante con l'Umbria? Padova
81%
Nessun quiz corrispondente trovato
Distribuzione punteggi
Percentuale di utenti per punteggio
Percentile per numero di risposta
I tuoi punteggi nel tempo
Non hai fatto questo quiz